00273nam a2200097Ia 4500008004100000020002200041082002000063100001900083245006500102300000800167210430s9999 xx 000 0 und d a978-1-4398-5570-6 a621.38152 F331H aZhe chuan feng aHandbook of Zinc Oxide and Related materialscZhe chuan feng a430